| Tag |
First Indicator |
Second Indicator |
Subfields |
| LEADER |
00000nam a2200000 i 4500 |
| 001 |
in00004783921 |
| 006 |
m o d f |
| 007 |
cr ||||||||||| |
| 008 |
240215s2024 vauab ob f000 0 eng c |
| 005 |
20240320164701.4 |
| 035 |
|
|
|a (OCoLC)on1422103507
|
| 040 |
|
|
|a GPO
|b eng
|e rda
|e pn
|c GPO
|d GPO
|d MvI
|
| 042 |
|
|
|a pcc
|
| 043 |
|
|
|a fc-----
|
| 049 |
|
|
|a WWW
|
| 074 |
|
|
|a 0621-L (online)
|
| 086 |
0 |
|
|a I 19.127:2023-3028
|
| 100 |
1 |
|
|a Schenk, Christopher J.,
|0 https://id.loc.gov/authorities/names/n86117207
|e author.
|
| 245 |
1 |
0 |
|a Assessment of undiscovered conventional oil and gas resources in presalt reservoirs of the West-Central Coastal Province of Africa, 2022 /
|c Christopher J. Schenk [and 16 others].
|
| 246 |
1 |
|
|i At head of title:
|a National and Global Petroleum Assessment
|
| 264 |
|
1 |
|a [Reston, Va.] :
|b U.S. Department of the Interior, U.S. Geological Survey,
|c 2024.
|
| 300 |
|
|
|a 1 online resource (4 unnumbered pages) :
|b color illustrations, color map.
|
| 336 |
|
|
|a text
|b txt
|2 rdacontent
|
| 337 |
|
|
|a computer
|b c
|2 rdamedia
|
| 338 |
|
|
|a online resource
|b cr
|2 rdacarrier
|
| 490 |
1 |
|
|a Fact sheet,
|x 2327-6932 ;
|v 2023-3028
|
| 500 |
|
|
|a "January 2024."
|
| 500 |
|
|
|a In scope of the U.S. Government Publishing Office Cataloging and Indexing Program (C&I) and Federal Depository Library Program (FDLP).
|
| 500 |
|
|
|a GPO Cataloging Record Distribution Program (CRDP).
|
| 504 |
|
|
|a Includes bibliographical references (page 4).
|
| 588 |
|
|
|a Description based on online resource; title from PDF caption (USGS, viewed Feb. 15, 2024).
|
| 650 |
|
0 |
|a Petroleum reserves
|z Africa, Central.
|
| 650 |
|
0 |
|a Natural gas reserves
|z Africa, Central.
|
| 710 |
2 |
|
|a Geological Survey (U.S.),
|0 https://id.loc.gov/authorities/names/n80092173
|e issuing body.
|
| 710 |
2 |
|
|a National and Global Petroleum Resource Assessment Project (U.S.)
|0 https://id.loc.gov/authorities/names/no2015110020
|
| 830 |
|
0 |
|a Fact sheet (Geological Survey (U.S.)) ;
|0 https://id.loc.gov/authorities/names/no95018057
|v 2023-3028.
|
| 856 |
4 |
0 |
|u https://purl.fdlp.gov/GPO/gpo222693
|t 0
|
| 999 |
f |
f |
|s f4513f5a-ae65-43ef-91c2-d5fcdd77d682
|i 83ec1b57-8324-4835-85cb-17307f442bb0
|t 0
|
| 952 |
f |
f |
|a Texas A&M University
|b College Station
|c Electronic Resources
|d Available Online
|t 0
|e I 19.127:2023-3028
|h Superintendent of Documents classification
|
| 998 |
f |
f |
|a I 19.127:2023-3028
|t 0
|l Available Online
|